| 000 | 01072nam a22002894i 4500 | ||
|---|---|---|---|
| 999 |
_c7825 _d7825 |
||
| 001 | 991061040263406706 | ||
| 003 | OSt | ||
| 005 | 20231205120209.0 | ||
| 008 | 231102e202309 spc|||||||||||||| ||spa|c | ||
| 017 |
_aDL. B.17947-2023 _bBiblioteca de Catalunya |
||
| 020 | _a9788411660037 | ||
| 040 |
_aES-BaUOC _bcat _erda _cCDMR |
||
| 100 | 1 | _aMoreno, Angeles, | |
| 245 | 1 | 0 |
_aExcelencia en comunicación : _bcómo desarrollar, dirigir y liderar comunicaciones excepcionales (European Communication Monitor) / _cÁngeles Moreno [i 6 més] ; prólogo de Juan Carlos Molleda |
| 264 | 1 |
_aBarcelona : _bUOC, _c2023 |
|
| 300 |
_a341 pàgines ; _c24 cm |
||
| 490 | 1 | _aDircom | |
| 504 | _aBibliografia | ||
| 505 | _aConté aportacions de: Cristina Fuentes-Lara, Noelia Zurro-Antón, Ralph Tench, Ansgar Zerfass, Dejan Vercic, Piet Verhoeven | ||
| 650 | 0 |
_aComunicació en l'empresa _92798 _zEuropa |
|
| 650 | 0 |
_aGabinets de premsa _93333 _zEuropa |
|
| 650 | 7 |
_aCultura organitzativa. _2lemac _zEuropa |
|
| 830 | 0 | _aDircom | |
| 908 | _aUOC | ||
| 940 | _aUOC | ||
| 942 |
_2udc _cMON |
||